00938 2200325 4500001002100000005001500021035002000036007000300056008004100059020002200100082001700122084001900139100003500158245007600193250002600269300003500295650001000330700002200340504002900362264003300391336002100424337003000445338002300475040002200498090002300520090002200543850001200565041001300577990002200590INLIS00000000084662420190429030925 a0010-0419001483ta190429s2018 yoi f | ind d a978-602-407-442-504223a297.3824 a297.3824 SAY t0 aSayyid M. Dzikri H.ePengarang10aTuntunan shalat :bterlengkap /cSayyid M. Dzikri H.; editor, Ichsan MJ aCetakan pertama, 2018 a184 halaman ;c20 cme+ poster 4aSalat0 aIchsan MJeEditor aBibliografi: halaman 183 aYogyakarta :bLaksana,c2018 2rdacontentateks 2rdamediaatanpa perantara 2rdacarrieravolume aYOPDYOGbinderda aDEP 297.3824 SAY t aCB-D.11 2018-1960 aYOPDYOG0 aindgara aCB-D.11/2018-1960